Größte Städte des Bodensees - Statistiken

Allgemein
  • Dieses Quiz wurde 70 mal gespielt
  • Das Durchschnittsergebnis liegt bei 3 aus 5
Antwortstatistiken
Hint Einwohner Antwort % Korrekt
1. 85.000 Konstanz
97%
2. 65.000 Friedrichshafen
91%
5. 29.000 Bregenz
80%
3. 50.000 Ravensburg
17%
4. 50.000 Dornbirn
12%
Keine übereinstimmenden Quizze gefunden
Verteilung der Resultate
Anzahl Personen mit jedem Resultat
Perzentil nach korrekt beantworteten Fragen
Ihre Resultats-Entwicklung
Sie haben dieses Quiz noch nicht gespielt